Electricidad y magnetismo /
Saved in:
| Main Author: | |
|---|---|
| Format: | Book |
| Language: | Spanish English |
| Published: |
Barcelona :
Reverté,
1992.
|
| Edition: | 2a ed. |
| Series: | Berkeley physics course
vol. 2 |
| Subjects: |
| LEADER | 01264cam a2200397 a 4500 | ||
|---|---|---|---|
| 001 | 000642 | ||
| 003 | AR-BeUNQ | ||
| 005 | 20221212133857.0 | ||
| 007 | ta | ||
| 008 | 940421s1992 sp ad f 001 0 spa d | ||
| 999 | |c 3444 |d 78831 | ||
| 020 | |a 842914319X | ||
| 040 | |a AR-BeUNQ |b spa |c AR-BeUNQ |e aacr | ||
| 041 | 1 | |a spa |h eng | |
| 082 | 0 | 4 | |2 21 |a 537 |
| 099 | |a 21-P1 | ||
| 100 | 1 | |a Purcell, Edward M. |9 3644 | |
| 245 | 1 | 0 | |a Electricidad y magnetismo / |c Edward M. Purcell. |
| 250 | |a 2a ed. | ||
| 260 | |a Barcelona : |b Reverté, |c 1992. | ||
| 300 | |a xv, 472 p. : |b il., gráficos ; |c 24 cm. | ||
| 490 | 1 | |a Berkeley physics course ; |v vol. 2 | |
| 500 | |a Título original: Electricity and magnetism. | ||
| 650 | 7 | |a Electricidad |2 spines | |
| 650 | 7 | |a Física |2 spines | |
| 650 | 7 | |a Magnetismo |2 spines | |
| 650 | 7 | |a Potencia (Eléctrica) |2 spines | |
| 650 | 7 | |a Campos electrónicos |2 spines | |
| 650 | 7 | |a Carga eléctrica |2 spines | |
| 650 | 7 | |a Corrientes eléctricas |2 spines | |
| 650 | 7 | |a Campos magnéticos |2 spines | |
| 650 | 7 | |a Inducción electromagnética |2 spines | |
| 650 | 7 | |a Corrientes alternas |2 spines | |
| 830 | 0 | |9 3645 |a Berkeley physics course |l Español |v vol. 2 | |
| 929 | |a COMPRA |b El Monje |c Exp. 827-0318/93 |d 83,25 |e 19940421 |j 10188 | ||
| 942 | |c LIB |n 0 | ||